Geography starting in J, with second letters A-Z - Statistics

General Stats
  • This quiz has been taken 19 times
  • The average score is 6 of 26
Answer Stats
2nd letter Clue Answer starting with J % Correct
A The Indonesian capital city (7 letters) Jakarta
100%
E Holy city of Israel (9) Jerusalem
84%
O River of Israel (6) Jordan
74%
U The arts capital of South Sudan (4) Juba
53%
T Santorini Airport's code (3) JTR
47%
X Code for Jackson County Airport, Michigan (3) JXN
47%
I Chinese city where you return the same way you came (5) Jinan
42%
Q The airport code for Qaarsut, Greenland (3) JQA
37%
M Guy from a Ghanaian village (4) Jman
32%
F Seer decapitated on Saudi hill (5) Jfeer
11%
H Computer code for displays installed in Indian city (6) Jhānsi
11%
J Jail rebuilt in Ugandan forest resort (5) Jjali
11%
Y Volts added as billions fall from 1st US space station, onto town in Finland (9) Jyväskylä
11%
B Bandit leader in prison in Lebanese village (5) Jbail
5%
C Circular road of the Syracuse, NY area (7) Jco Road
5%
D Beirut suburb where there's help, Latin & the Spanish mat number (13) Jdaidet el Matn
5%
G Romanian river where man gets, initially, bug up leg, crawling up his orange trousers and robe (15) Jgheabul cu Hotar
5%
K Headless bats seen down lane of rural North Carolina (9) Jkats Lane
5%
L Lebanese mountain where Alan, Edward and Diana show some muscle (10) Jlal ed Diâb
5%
P Eastern road in Texas (7) Jpe Road
5%
S Swiss road where Eli's stationed to guard donkey in error (10) Jseligasse
5%
V From Georgian town, head for Arkansas in a straight line (5) Jvari
5%
W An engineering town in Botswana (7) Jwaneng
5%
Z Saudi residential area in Al Khobar, near the Bahrain causeway, built in the style of a chemical mixture (13) Jzala Compound
5%
N Putting vitamin in pot, I left Round River for Romanian mountain (10) Jnepanilor
0%
R As mature chicken appears, we construct village in Armenia (7) Jrashen
0%
No matching quizzes found
Score Distribution
Percent of People with Each Score
Percentile by Number Answered
Your Score History
You have not taken this quiz